00458nam a2200157Ia 4500003000600000005001700006008004100023040000800064082002100072100002600093245006300119260004600182300002500228440003500253650001200288GBCCL20241126110501.0171201b xxu||||| |||| 00| 0 eng d cgbc aVER 231.044bPAU aPau, Thang D. L. Mung aTrinity:bA Lamdang Pasian pianzia /cThang D. L. Pau Mung aAizawl:bSintong International Ministries a79p.;bill.,c20 cm. aSiantong Theological Seriesv1 aTrinity